000 00343nam a2200145Ia 4500
008 240624s9999 xx 000 0 und d
041 _aeng
082 _a332.6457 KUM
100 _aKUMAR S S S
245 _aFINANCIAL DERIVATIVES
250 _a(2nd ed.)
260 _c2011
_aNew Delhi
_bPHI Learning
300 _a428 : p.
365 _cRS
_b30
999 _c20199
_d20199